000 00711nam a22001697a 4500
005 20251108164739.0
008 250721s1969 xx 000 0 ara d
082 1 4 _a615.852/أمي
100 1 _aرويحة، أمين
245 1 0 _aالتداوي بالإيحاء الروحي /
264 1 _aبيروت :
_bدار الأندلس،
_c1969.
300 _a245ص : مص
500 _aيشتمل على أهم ما أقره الطب الحديث للتداوي بالإيحاء النفسي ، التنويم المغناطيسي ، اليوغا و في آخر الكتاب ملحق عن (الربو) أسبابه و علاجه
650 1 7 _aالعلاج بالإيحاء
942 _2ddc
_cBK
999 _c13375
_d13375